Pays visités par Hercule Poirot sur une carte du monde - Statistiques

Statistiques générales
  • Ce quiz a été pris 814 fois
  • Le résultat moyen est 9 sur 14
Réponses sur la Carte
Les réponses sont colorées sur une échelle allant du rouge au vert en fonction du pourcentage des utilisateurs qui les ont devinées à leur premier essai. Vous pouvez retrouver ces pourcentages ci-dessous.
 
Statistiques - réponses
Pays % Correct
France
100%
Royaume-Uni
96%
Italie
94%
Belgique
90%
Égypte
82%
Suisse
82%
Turquie
81%
Irak
54%
Israël
51%
Syrie
51%
Serbie
44%
Bulgarie
43%
Jordanie
42%
Monaco
25%
Aucun quiz correspondant
Distribution des résultats
% des personnes avec chaque résultat
Percentile par nombre de réponses
Votre historique - résultats
Vous n’avez pas pris ce quiz